000 01148cam0 2200301 ib4500
001 BY-HO0000-br728195
005 20250924120734.0
010 ^a978-5-91926-174-2
100 ^a20250822d2008 u y0rusy50 ca
101 0 ^arus
102 ^aRU
105 ^aa z 000oy
109 ^ama
200 1 ^aСказка о рыбаке и рыбке
^eкнига-пазл
^fА. С. Пушкин
210 ^aМосква
^cРООССА
^d2008
215 ^a[12] с., включая обложку
^cил.
^d19 см
608 ^3BY-NLB-ar2853774
^aСТИХОТВОРНАЯ СКАЗКА
^2BYGNR
608 ^3BY-NLB-ar9019
^aДЕТСКАЯ И ЮНОШЕСКАЯ ЛИТЕРАТУРА (художеств. произведение)
^2BYGNR
686 ^a84(2Рос)1
^2rubbk
690 ^a1
^2Base
^9BY-HO0000
^xRSEK
690 ^a1
^2Vid
^9BY-HO0000
700 1 ^3BY-NLB-ar130495
^aПушкин
^bА. С.
^gАлександр Сергеевич
^cписатель
^f1799—1837
801 0 ^aBY
^bBY-HO0000
^c20250924
^gRCR
035 ^a(BY-HO0000)BY-HO0000-br728195
899 0 ^aBY-HO0000
^iП91